Nonlinear system dynamics (Record no. 19913)
[ view plain ]
| 000 -LEADER | |
|---|---|
| fixed length control field | 00547nam a2200205 a 4500 |
| 001 - CONTROL NUMBER | |
| control field | 157563 |
| 003 - CONTROL NUMBER IDENTIFIER | |
| control field | OSt |
| 005 - DATE AND TIME OF LATEST TRANSACTION | |
| control field | 20211227124551.0 |
| 008 - FIXED-LENGTH DATA ELEMENTS--GENERAL INFORMATION | |
| fixed length control field | 200515 ### ENG |
| 020 ## - INTERNATIONAL STANDARD BOOK NUMBER | |
| International Standard Book Number | 9781468464962 |
| 082 ## - DEWEY DECIMAL CLASSIFICATION NUMBER | |
| Classification number | 629.8312 |
| Item number | K83N |
| 100 ## - MAIN ENTRY--PERSONAL NAME | |
| Personal name | Kolk, W Richard |
| 245 ## - TITLE STATEMENT | |
| Title | Nonlinear system dynamics |
| Statement of responsibility, etc | by W Richard Kolk and Robert A Lerman |
| 260 ## - PUBLICATION, DISTRIBUTION, ETC. (IMPRINT) | |
| Place of publication, distribution, etc | New York |
| Name of publisher, distributor, etc | Springer |
| Date of publication, distribution, etc | 1989 |
| 300 ## - PHYSICAL DESCRIPTION | |
| Extent | x, 350p. |
| 653 ## - INDEX TERM--UNCONTROLLED | |
| Uncontrolled term | Nonlinear control theory |
| 653 ## - INDEX TERM--UNCONTROLLED | |
| Uncontrolled term | Computer engineering |
| 700 ## - ADDED ENTRY--PERSONAL NAME | |
| Personal name | Lerman, Robert A |
| 942 ## - ADDED ENTRY ELEMENTS (KOHA) | |
| Source of classification or shelving scheme | Dewey Decimal Classification |
| Koha item type | Books |
| Withdrawn status | Lost status | Source of classification or shelving scheme | Damaged status | Not for loan | Collection code | Home library | Current library | Date acquired | Source of acquisition | Full call number | Barcode | Checked out | Date last seen | Price effective from | Koha item type |
|---|---|---|---|---|---|---|---|---|---|---|---|---|---|---|---|
| Dewey Decimal Classification | General Text Book | Central University Of Rajasthan | Central University Of Rajasthan | 15/05/2020 | MTH(P) | 629.8312 K83N | 33650 | 01/09/2020 | 02/09/2020 | 02/09/2020 | Books |
